[Event "Primorsko Dyuni op 1st"]
[Site "Primorsko"]
[Date "2016.05.23"]
[Round "6"]
[White "Todorova, Adelina"]
[Black "Srebchev, Aleksandar"]
[Result "0-1"]
[WhiteElo "1074"]
[BlackElo "1342"]
[PlyCount "40"]
[EventDate "2016.05.21"]
[EventType "swiss"]
[EventRounds "7"]
[EventCountry "BUL"]
[SourceTitle "CBM 172 Extra"]
[Source "ChessBase"]
[SourceDate "2016.06.21"]
[SourceVersion "1"]
[SourceVersionDate "2016.06.21"]
[SourceQuality "1"]

1. d4 d5 2. c4 Bf5 3. Nc3 e6 4. Nf3 Bb4 5. Bf4 a6 6. Qa4+ Nc6 7. Ne5 Nge7 8. h3 Bxc3+ 9. bxc3 0-0 10. Nxc6 Nxc6 11. e3 h5 12. Qd1 g5 13. Bg3 h4 14. Bxh4 gxh4 15. g3 dxc4 16. Qh5 Bg6 17. Qh6 Qf6 18. gxh4 Ne7 19. e4 Qf3 20. Rg1 Qxe4+ 0-1